| 000 | 00818cam a22002177a 4500 | ||
|---|---|---|---|
| 020 | _a925105553X (pbk.) | ||
| 020 | _a9789251055533 (pbk.) | ||
| 040 | _cFQG | ||
| 082 | _a615 FOO 2006 A083 Or. | ||
| 110 | 2 | _aJoint FAO/WHO Expert Committee on Food Additives. | |
| 245 | 1 | 0 |
_aResidue evaluation of certain veterinary drugs : _bJoint FAO/WHO Expert Committee on Food Additives, 66th meeting 2006. |
| 260 |
_aRome : _bFood and Agriculture Organization of the United Nations, _c2006. |
||
| 300 |
_axii, 104 p. : _bill. ; _c30 cm. |
||
| 650 | 0 | _aVeterinary drug residues | |
| 650 | 0 | _aVeterinary drug residues | |
| 650 | 0 | _aFood contamination | |
| 650 | 0 | _aFood | |
| 710 | 2 | _aFood and Agriculture Organization of the United Nations. | |
| 856 | 4 | 1 | _uhttp://www.loc.gov/catdir/toc/fy0804/2007456869.html |
| 942 | _cEK | ||
| 999 |
_c16122 _d16122 |
||